Computer integrated manufacturing - heranforderung an die Kreativität in der Ingenieurwissenschaftlichen grundlagenausbildung von fertigungsprozesgestaltern

Bibliographic Details
Main Authors: Berger, R. (Author), Jortzik, B. (Author), Worm, L. (Author)
Format: Article
Language:German
PhysicalDescription:Tb. 1. Sch. 1.
Subjects:

MARC

LEADER 00000nab a2200000 a 4500
001 vtls000355547
003 SK-MaSNL
005 20260318124824.0
008 150602c1988 xo 0 ger
015 |a SNBRA19rr/mm-uuuuu 
035 |a CL0355669 
040 |a SNKBUCL  |b slo  |c SNKBUCL  |e AACR2 
041 0 |a ger 
044 |a xo  |c SK 
080 |a 331.021.4:681.3:681.5  |2 1981 
080 |a 681.3  |2 1981 
080 |a 681.5  |2 1981 
100 1 |a Berger, R.  |4 aut  |9 1134697 
245 1 0 |a Computer integrated manufacturing - heranforderung an die Kreativität in der Ingenieurwissenschaftlichen grundlagenausbildung von fertigungsprozesgestaltern  |c R. Berger, B. Jortzik, L. Worm 
300 |b Tb. 1. Sch. 1. 
650 0 7 |a práca tvorivá technická  |2 snkbucl  |9 942641 
650 0 7 |a pracovníci tvoriví  |2 snkbucl  |9 936371 
650 0 7 |a výpočtová technika  |2 snkbucl  |9 1126 
655 7 |a články zo zborníkov  |2 snkbucl  |9 166140 
700 1 |a Jortzik, B.  |4 aut  |9 1258972 
700 1 |a Worm, L.  |4 aut  |9 1258973 
773 0 |t Technická tvorivá práca na prechode k 21. storočiu  |d Bratislava : Dom techniky ČSVTS, 1988  |g S. 80-83 
850 |a Slovenská národná knižnica v Martine  |a MTA001 
852 |a SNK  |b KIS3GCP 
958 |a RK 
992 |a RZB 
999 |c 2249697  |d 2251627